[Event "Niederbayrische Einzelmeisterschaft"]
[Site "Niederbayern"]
[Date "2010.06.03"]
[Round "1.1"]
[White "Heiduczek, Josef"]
[Black "Gerl, Hans-Peter"]
[Result "1-0"]
[WhiteElo "2168"]
[BlackElo "1707"]
[PlyCount "43"]
[EventDate "2010.06.??"]
[EventType "swiss"]
[EventRounds "7"]
[EventCountry "GER"]
[SourceDate "2015.11.02"]
[SourceVersionDate "2015.11.02"]
[WhiteTeam "SC Rottal"]
[BlackTeam "SC Straubing"]

1. e4 e5 2. Nf3 Nc6 3. Bb5 a6 4. Ba4 Nf6 5. O-O Be7 6. Re1 d6 7. c3 b5 8. Bc2
O-O 9. d4 Re8 10. a4 Bg4 11. d5 Na5 12. Na3 Qd7 13. b4 Nb7 14. axb5 axb5 15.
Bd3 c6 16. dxc6 Qxc6 17. Bxb5 Qxc3 18. Bd2 Bxf3 19. gxf3 Qc8 20. Bxe8 Nxe8 21.
Nb5 f5 22. Qb3+ 1-0

[Event "Niederbayrische Einzelmeisterschaft"]
[Site "Niederbayern"]
[Date "2010.06.03"]
[Round "1.2"]
[White "Schultes, Christoph"]
[Black "Wisnet, Dominic"]
[Result "0-1"]
[WhiteElo "1707"]
[BlackElo "2167"]
[PlyCount "100"]
[EventDate "2010.06.??"]
[EventType "swiss"]
[EventRounds "7"]
[EventCountry "GER"]
[SourceDate "2015.11.02"]
[SourceVersionDate "2015.11.02"]
[WhiteTeam "SK Landau-Dingolfing"]
[BlackTeam "SC Rottal"]

1. d4 Nf6 2. c4 g6 3. Nc3 Bg7 4. e4 d6 5. Nf3 O-O 6. Be2 Nbd7 7. O-O e5 8. Re1
Re8 9. Bf1 exd4 10. Nxd4 Nc5 11. f3 Be6 12. Bg5 c6 13. Qd2 Qa5 14. Rad1 Nfd7
15. Be3 Ne5 16. a3 Ncd7 17. Nxe6 Rxe6 18. Bd4 Nb6 19. Nb1 Nexc4 20. Qxa5 Nxa5
21. Bxb6 axb6 22. b4 Nb3 23. Bc4 Nd4 24. Bxe6 fxe6 25. Rd3 c5 26. Red1 b5 27.
Kf1 b6 28. f4 Rf8 29. g3 g5 30. bxc5 bxc5 31. f5 d5 32. exd5 Rxf5+ 33. Kg2 exd5
34. Nc3 g4 35. Nb1 Nc2 36. R1d2 Ne1+ 37. Kg1 Bd4+ 38. Rxd4 Nf3+ 39. Kg2 Nxd4
40. Nc3 Kf7 41. Rb2 Ke6 42. Nxb5 Nxb5 43. Rxb5 d4 44. a4 d3 45. a5 d2 46. Rb1
c4 47. a6 c3 48. a7 Ra5 49. Rb6+ Kd7 50. Rb7+ Kc6 0-1

[Event "Niederbayrische Einzelmeisterschaft"]
[Site "Niederbayern"]
[Date "2010.06.03"]
[Round "1.3"]
[White "Holzer, Richard"]
[Black "Staller, Josef"]
[Result "1-0"]
[WhiteElo "2157"]
[BlackElo "1676"]
[PlyCount "57"]
[EventDate "2010.06.??"]
[EventType "swiss"]
[EventRounds "7"]
[EventCountry "GER"]
[SourceDate "2015.11.02"]
[SourceVersionDate "2015.11.02"]
[WhiteTeam "SK Passau 1869"]
[BlackTeam "SC Rottal"]

1. e4 e5 2. Nf3 d6 3. d4 Bg4 4. dxe5 Bxf3 5. Qxf3 dxe5 6. Bc4 Qf6 7. Qb3 Bc5 8.
Qxb7 Qxf2+ 9. Kd1 Qd4+ 10. Nd2 Ne7 11. Rf1 O-O 12. Qxa8 Nec6 13. Qb7 Rd8 14.
Qxc7 Qxc4 15. Qxd8+ Nxd8 16. Nxc4 Nbc6 17. Be3 Ne6 18. c3 f6 19. Kc2 Na5 20.
Nxa5 Bxe3 21. b4 Ng5 22. Rad1 Kf7 23. Rd7+ Kg6 24. c4 Bd4 25. Nc6 Be3 26. Ne7+
Kh5 27. Nf5 Bb6 28. h3 Nxe4 29. g4+ 1-0

[Event "Niederbayrische Einzelmeisterschaft"]
[Site "Niederbayern"]
[Date "2010.06.03"]
[Round "1.4"]
[White "Angermeier, Gerhard"]
[Black "Mueller, Michael"]
[Result "0-1"]
[WhiteElo "1668"]
[BlackElo "2009"]
[PlyCount "82"]
[EventDate "2010.06.??"]
[EventType "swiss"]
[EventRounds "7"]
[EventCountry "GER"]
[SourceDate "2015.11.02"]
[SourceVersionDate "2015.11.02"]
[WhiteTeam "SC Rottal"]
[BlackTeam "SC Bayerwald/Regen"]

1. e4 d6 2. d4 e5 3. dxe5 dxe5 4. Qxd8+ Kxd8 5. Be3 c6 6. Bc4 f6 7. a4 Nd7 8.
Nc3 Bc5 9. Bxc5 Nxc5 10. b4 Be6 11. Bxe6 Nxe6 12. Nge2 Nh6 13. O-O Kc7 14. Rfd1
Nf7 15. b5 Rhd8 16. f3 Nd6 17. Kf2 Rd7 18. a5 Nxb5 19. Nxb5+ cxb5 20. Nc3 Nd4
21. Nd5+ Kd8 22. c3 Ne6 23. a6 bxa6 24. Rxa6 Nc7 25. Nxc7 Kxc7 26. Rxd7+ Kxd7
27. Ke2 Kc7 28. Kd2 Kb7 29. Rd6 Rc8 30. g3 a5 31. f4 exf4 32. gxf4 Rc4 33. Kd3
a4 34. Rd7+ Rc7 35. Rd4 Kc6 36. Kc2 Rd7 37. h4 Rxd4 38. cxd4 g6 39. Kc3 h6 40.
Kb4 g5 41. hxg5 hxg5 0-1

[Event "Niederbayrische Einzelmeisterschaft"]
[Site "Niederbayern"]
[Date "2010.06.03"]
[Round "1.5"]
[White "Palmi, Herbert"]
[Black "Lichtmannecker, Hans-Juergen"]
[Result "1-0"]
[WhiteElo "2008"]
[BlackElo "1666"]
[PlyCount "85"]
[EventDate "2010.06.??"]
[EventType "swiss"]
[EventRounds "7"]
[EventCountry "GER"]
[SourceDate "2015.11.02"]
[SourceVersionDate "2015.11.02"]
[WhiteTeam "SC Bayerwald/Regen"]
[BlackTeam "SV Aham"]

1. b4 g6 2. Bb2 Nf6 3. c4 Bg7 4. g3 O-O 5. Bg2 c6 6. a3 d5 7. c5 Re8 8. f4 Nh5
9. Bxg7 Nxg7 10. Nf3 f6 11. O-O e5 12. e3 Bg4 13. Qb3 Bxf3 14. Bxf3 e4 15. Bg2
f5 16. Nc3 Kh8 17. Ne2 Qf6 18. Qc3 Qxc3 19. dxc3 Ne6 20. Rfd1 Nd7 21. h3 Nf6
22. Kf2 Kg7 23. Bf1 Rad8 24. Rab1 h6 25. Nd4 Nxd4 26. cxd4 a6 27. a4 Ra8 28.
Rd2 Reb8 29. b5 axb5 30. axb5 Nd7 31. Rdb2 Kf6 32. Be2 Ke7 33. g4 fxg4 34. Bxg4
h5 35. Bxd7 Kxd7 36. bxc6+ Kxc6 37. Rb6+ Kc7 38. Rxg6 Ra2+ 39. Kg3 Ra3 40. Rg7+
Kc8 41. Rb6 Rxe3+ 42. Kh4 Rc3 43. Rf6 1-0

[Event "Niederbayrische Einzelmeisterschaft"]
[Site "Niederbayern"]
[Date "2010.06.03"]
[Round "1.6"]
[White "Haimerl, Willibald"]
[Black "Stroeher, Wolfgang"]
[Result "0-1"]
[WhiteElo "1640"]
[BlackElo "2003"]
[PlyCount "80"]
[EventDate "2010.06.??"]
[EventType "swiss"]
[EventRounds "7"]
[EventCountry "GER"]
[SourceDate "2015.11.02"]
[SourceVersionDate "2015.11.02"]
[WhiteTeam "SV Deggendorf"]
[BlackTeam "SC Straubing"]

1. e4 Nf6 2. Nc3 e5 3. Nf3 Nc6 4. Bc4 Be7 5. d3 d6 6. h3 Na5 7. Bb5+ c6 8. Ba4
b5 9. Bb3 Nxb3 10. axb3 O-O 11. Bg5 a6 12. O-O Be6 13. Re1 h6 14. Bd2 Nh7 15.
d4 Qc7 16. Ne2 c5 17. d5 Bd7 18. c4 f5 19. exf5 Bxf5 20. Ng3 Bd7 21. Nh2 Bh4
22. Nhf1 Nf6 23. Qc2 Qc8 24. Kh2 Rb8 25. Qg6 Be8 26. Qc2 bxc4 27. bxc4 Nh5 28.
Bc1 Nf4 29. Ne4 Be7 30. Bxf4 Rxf4 31. Ra3 Bg6 32. Nxd6 Bxc2 33. Nxc8 Rxc8 34.
Rxe5 Bd6 35. Re6 Rf6+ 36. g3 Rxf2+ 37. Kg1 Rcf8 38. Ne3 Bxg3 39. Nxc2 Bh2+ 40.
Kh1 Rxc2 0-1

[Event "Niederbayrische Einzelmeisterschaft"]
[Site "Niederbayern"]
[Date "2010.06.03"]
[Round "1.7"]
[White "Zepke, Armin"]
[Black "Oberberger, Hans"]
[Result "1-0"]
[WhiteElo "1989"]
[BlackElo "1636"]
[PlyCount "87"]
[EventDate "2010.06.??"]
[EventType "swiss"]
[EventRounds "7"]
[EventCountry "GER"]
[SourceDate "2015.11.02"]
[SourceVersionDate "2015.11.02"]
[WhiteTeam "SC Bayerwald/Regen"]
[BlackTeam "SV Deggendorf"]

1. d4 Nf6 2. Bf4 d5 3. e3 g6 4. Be2 Bg7 5. Nf3 Nbd7 6. Nbd2 e6 7. O-O O-O 8. c4
c6 9. c5 Re8 10. b4 Ne4 11. Nxe4 dxe4 12. Ne5 Nxe5 13. dxe5 h6 14. Qc2 Qc7 15.
Qxe4 Bd7 16. Rfd1 Red8 17. Rd6 Be8 18. Rad1 Qe7 19. Bg3 Rd7 20. h4 Rad8 21. h5
Rxd6 22. cxd6 Qf8 23. hxg6 fxg6 24. Bh4 Rd7 25. Be7 Qf7 26. Rd4 Kh7 27. Bc4 Qg8
28. Qg4 Bf7 29. Bf6 a6 30. Bxg7 Kxg7 31. Rf4 Rd8 32. Rf6 Re8 33. Bd3 Kh7 34.
Qf4 Kg7 35. a4 Rd8 36. Rxg6+ Bxg6 37. Qf6+ Kh7 38. Bxg6+ Qxg6 39. Qxd8 Qb1+ 40.
Kh2 Qxb4 41. Qe7+ Kh8 42. Qf6+ Kh7 43. d7 Qg4 44. Qf7+ 1-0

[Event "Niederbayrische Einzelmeisterschaft"]
[Site "Niederbayern"]
[Date "2010.06.03"]
[Round "1.8"]
[White "Grigore-Nikolitsch, Corneliu"]
[Black "Popp, Michael"]
[Result "0-1"]
[WhiteElo "1633"]
[BlackElo "1989"]
[PlyCount "96"]
[EventDate "2010.06.??"]
[EventType "swiss"]
[EventRounds "7"]
[EventCountry "GER"]
[SourceDate "2015.11.02"]
[SourceVersionDate "2015.11.02"]
[WhiteTeam "SC Rottal"]
[BlackTeam "TV 1862 Geiselhöring"]

1. d4 Nf6 2. Nc3 e6 3. d5 Bb4 4. dxe6 fxe6 5. Bd2 O-O 6. Nf3 d5 7. a3 Bd6 8.
Bg5 c6 9. e4 Nbd7 10. exd5 exd5 11. Be2 Qb6 12. Qc1 Ne4 13. Be3 Qa5 14. Bd2 Qc7
15. Be3 Ndf6 16. h3 Nxc3 17. bxc3 c5 18. Qd1 Bd7 19. Bd3 Qa5 20. Bd2 Rae8+ 21.
Kf1 c4 22. Be2 Ne4 23. Qe1 Bc5 24. Qc1 Nxf2 25. Rh2 Qc7 26. Be1 Qxh2 27. Nxh2
Nd3+ 28. Nf3 Nxc1 29. Rxc1 Bxa3 30. Rd1 Bc6 31. Bf2 a6 32. Nd4 Bc5 33. Ke1 Re4
34. Kf1 Bxd4 35. cxd4 Re3 36. Rc1 Rc3 37. Kg1 Ra3 38. g3 a5 39. Kg2 b5 40. Be1
b4 41. Bd2 Ra2 42. Bf4 b3 43. Bd1 b2 44. Rb1 c3 45. Bg4 Rxf4 46. Be6+ Rf7 47.
Rf1 Be8 48. Bxd5 Ra1 0-1

[Event "Niederbayrische Einzelmeisterschaft"]
[Site "Niederbayern"]
[Date "2010.06.03"]
[Round "1.9"]
[White "Zankl, Thomas"]
[Black "Ertl, Helmut"]
[Result "1-0"]
[WhiteElo "1972"]
[BlackElo "1627"]
[PlyCount "52"]
[EventDate "2010.06.??"]
[EventType "swiss"]
[EventRounds "7"]
[EventCountry "GER"]
[SourceDate "2015.11.02"]
[SourceVersionDate "2015.11.02"]
[WhiteTeam "SC Rottal"]
[BlackTeam "SV Deggendorf"]

1. d4 d5 2. c4 Nf6 3. cxd5 Qxd5 4. Nc3 Qa5 5. Bd2 c6 6. Nf3 Qd8 7. h3 Nbd7 8.
e4 e6 9. Bd3 Be7 10. Qc2 h6 11. O-O Qc7 12. Rad1 a6 13. Qc1 g5 14. Nh2 e5 15.
Ne2 Qb6 16. Be3 Qa5 17. a3 exd4 18. Bxd4 Ne5 19. b4 Qc7 20. Qb2 Bd6 21. Ng3 Qe7
22. Rfe1 Nfd7 23. Nf5 Qf6 24. Ng4 Qg6 25. Nxe5 Bxe5 26. Bxe5 h5 1-0

[Event "Niederbayrische Einzelmeisterschaft"]
[Site "Niederbayern"]
[Date "2010.06.03"]
[Round "1.10"]
[White "Reich, Christian"]
[Black "Schindlbeck, Tobias"]
[Result "0-1"]
[WhiteElo "1564"]
[BlackElo "1939"]
[PlyCount "84"]
[EventDate "2010.06.??"]
[EventType "swiss"]
[EventRounds "7"]
[EventCountry "GER"]
[SourceDate "2015.11.02"]
[SourceVersionDate "2015.11.02"]
[WhiteTeam "SC Straubing"]
[BlackTeam "FC Ergolding 1932"]

1. e4 e6 2. d4 d5 3. exd5 exd5 4. Nf3 Bd6 5. h3 Nc6 6. Bd3 Nge7 7. Bg5 f6 8.
Bh4 Be6 9. Nc3 Qd7 10. a3 O-O-O 11. Qd2 Ng6 12. Bg3 Bxg3 13. fxg3 Qd6 14. Qf2
Rhe8 15. O-O-O Na5 16. Nd2 a6 17. Rhe1 Kb8 18. Nb3 Nxb3+ 19. cxb3 Re7 20. b4
Rde8 21. Re2 Bf7 22. Rde1 Nf8 23. Kd2 Rxe2+ 24. Rxe2 Rxe2+ 25. Bxe2 Bg6 26. Bd3
Bxd3 27. Kxd3 Ne6 28. Qf3 c6 29. Ne2 Ng5 30. Qf4 Kc7 31. Nc3 Ne6 32. Qxd6+ Kxd6
33. Ke3 h5 34. h4 g5 35. Ne2 Ng7 36. hxg5 fxg5 37. b3 Ke6 38. a4 Kf5 39. Kf3
Ne6 40. a5 Nc7 41. Nc3 Nb5 42. Ne2 Na3 0-1

[Event "Niederbayrische Einzelmeisterschaft"]
[Site "Niederbayern"]
[Date "2010.06.03"]
[Round "1.11"]
[White "Siebert, Joachim"]
[Black "Haider, Andreas"]
[Result "1-0"]
[WhiteElo "1926"]
[BlackElo "1563"]
[PlyCount "77"]
[EventDate "2010.06.??"]
[EventType "swiss"]
[EventRounds "7"]
[EventCountry "GER"]
[SourceDate "2015.11.02"]
[SourceVersionDate "2015.11.02"]
[WhiteTeam "SK Landshut"]
[BlackTeam "SV Aham"]

1. d4 g6 2. c4 Bg7 3. Nc3 e6 4. e4 Ne7 5. Bg5 h6 6. Be3 d6 7. Nf3 Nbc6 8. Qd2
f5 9. Bd3 b6 10. O-O-O Nb4 11. Bb1 Bb7 12. a3 Na6 13. exf5 Bxf3 14. gxf3 Nxf5
15. Rhg1 g5 16. f4 Nh4 17. Qe2 Bf6 18. Ne4 Nf5 19. Qh5+ Kd7 20. Qf7+ Be7 21.
Nf6+ Kc8 22. Qxe6+ Kb7 23. Bxf5 Bxf6 24. b4 Re8 25. Qd5+ c6 26. Qf3 d5 27. b5
cxb5 28. Qxd5+ Qxd5 29. cxd5 Kc7 30. fxg5 hxg5 31. Bxg5 Bxg5+ 32. Rxg5 Kd6 33.
Bg4 Rf8 34. Re1 Nc7 35. f3 Rf6 36. Rg7 Nxd5 37. Rd7+ Kc6 38. Kd2 a5 39. Rc1+
1-0

[Event "Niederbayrische Einzelmeisterschaft"]
[Site "Niederbayern"]
[Date "2010.06.03"]
[Round "1.12"]
[White "Thurnbauer, Alois"]
[Black "Schubert, Josef"]
[Result "0-1"]
[WhiteElo "1534"]
[BlackElo "1922"]
[PlyCount "50"]
[EventDate "2010.06.??"]
[EventType "swiss"]
[EventRounds "7"]
[EventCountry "GER"]
[SourceDate "2015.11.02"]
[SourceVersionDate "2015.11.02"]
[WhiteTeam "SV Deggendorf"]
[BlackTeam "SK Landshut"]

1. d4 b5 2. e4 Bb7 3. d5 a6 4. Bd3 e6 5. c4 bxc4 6. Bxc4 Nf6 7. Bg5 Be7 8. Nc3
Nxd5 9. Bxd5 exd5 10. Bxe7 Qxe7 11. Qd4 O-O 12. Nxd5 Bxd5 13. Qxd5 Qb4+ 14. Kf1
Nc6 15. Ne2 Rfe8 16. f3 Qxb2 17. Kf2 Qb6+ 18. Kg3 Re5 19. Qd2 Ne7 20. h3 d5 21.
exd5 Nxd5 22. Rhe1 Qd6 23. Nf4 Rg5+ 24. Kf2 Qxf4 25. Qxf4 Nxf4 0-1

[Event "Niederbayrische Einzelmeisterschaft"]
[Site "Niederbayern"]
[Date "2010.06.03"]
[Round "1.13"]
[White "Kleibel, Uwe"]
[Black "Westenthanner, Paul"]
[Result "1-0"]
[WhiteElo "1880"]
[BlackElo "1549"]
[PlyCount "77"]
[EventDate "2010.06.??"]
[EventType "swiss"]
[EventRounds "7"]
[EventCountry "GER"]
[SourceDate "2015.11.02"]
[SourceVersionDate "2015.11.02"]
[WhiteTeam "SC Ortenburg 1894"]
[BlackTeam "SK Landshut"]

1. d4 d5 2. c4 Nf6 3. cxd5 Nxd5 4. e4 Nb6 5. Be3 e6 6. Nc3 Nc6 7. f4 Bd6 8. Nf3
O-O 9. Be2 Be7 10. O-O f5 11. e5 Nb4 12. Qd2 N4d5 13. Bf2 Bb4 14. a3 Ba5 15. b4
Nxc3 16. Qxc3 Nd5 17. Qd2 Bb6 18. Bc4 c6 19. Rfd1 a5 20. b5 cxb5 21. Bxb5 Bd7
22. Bc4 Bc6 23. Rab1 Rb8 24. Rdc1 Ba7 25. Bh4 Qc7 26. Bxd5 exd5 27. Be1 Ra8 28.
Bf2 Rfe8 29. Rc3 Re6 30. Qc2 Qf7 31. Ng5 Qe7 32. Nxe6 Qxe6 33. Qd3 Bb8 34. Be1
Bc7 35. Qc2 Ra6 36. Qe2 Bb6 37. Bf2 a4 38. Qxa6 Bxd4 39. Qa8+ 1-0

[Event "Niederbayrische Einzelmeisterschaft"]
[Site "Niederbayern"]
[Date "2010.06.03"]
[Round "1.14"]
[White "Schubert, Heinz"]
[Black "Woitylak, Steffen"]
[Result "0-1"]
[WhiteElo "1505"]
[BlackElo "1850"]
[PlyCount "42"]
[EventDate "2010.06.??"]
[EventType "swiss"]
[EventRounds "7"]
[EventCountry "GER"]
[SourceDate "2015.11.02"]
[SourceVersionDate "2015.11.02"]
[WhiteTeam "TV 1862 Geiselhöring"]
[BlackTeam "FC Ergolding 1932"]

1. e4 c5 2. d4 cxd4 3. Qxd4 Nc6 4. Qe3 g6 5. Bd2 Bg7 6. Bc3 Nf6 7. f3 d5 8. Bb5
O-O 9. Bxc6 bxc6 10. e5 Nd7 11. e6 Nf6 12. exf7+ Rxf7 13. Ne2 e5 14. Qg5 d4 15.
Bd2 Ba6 16. Kd1 Qb6 17. Bc1 Nd5 18. Re1 Rf5 19. Qg4 Ne3+ 20. Bxe3 Qxb2 21. Bxd4
exd4 0-1

[Event "Niederbayrische Einzelmeisterschaft"]
[Site "Niederbayern"]
[Date "2010.06.03"]
[Round "1.15"]
[White "Oberpriller, Johannes"]
[Black "Woestmann, Oliver"]
[Result "1-0"]
[WhiteElo "1800"]
[BlackElo "1386"]
[PlyCount "47"]
[EventDate "2010.06.??"]
[EventType "swiss"]
[EventRounds "7"]
[EventCountry "GER"]
[SourceDate "2015.11.02"]
[SourceVersionDate "2015.11.02"]
[WhiteTeam "FC Ergolding 1932"]
[BlackTeam "SV Aham"]

1. d4 d5 2. c4 dxc4 3. e4 Nf6 4. Nc3 e5 5. d5 c6 6. Bxc4 Be7 7. Be3 O-O 8. a3
b5 9. Bd3 a6 10. Nf3 Bg4 11. h3 Bxf3 12. Qxf3 Qd6 13. O-O Nbd7 14. Rfd1 Rab8
15. Rac1 Nb6 16. dxc6 Qc7 17. Nd5 Nbxd5 18. exd5 Rbd8 19. Bb1 Bd6 20. Bg5 Be7
21. Bxf6 Bxf6 22. Qf5 g6 23. Qxf6 Rfe8 24. d6 1-0

[Event "Niederbayrische Einzelmeisterschaft"]
[Site "Niederbayern"]
[Date "2010.06.03"]
[Round "1.16"]
[White "Seidl, Josef"]
[Black "Grum, Theodor"]
[Result "0-1"]
[WhiteElo "1315"]
[BlackElo "1773"]
[PlyCount "130"]
[EventDate "2010.06.??"]
[EventType "swiss"]
[EventRounds "7"]
[EventCountry "GER"]
[SourceDate "2015.11.02"]
[SourceVersionDate "2015.11.02"]
[WhiteTeam "TSV Kreuzberg"]
[BlackTeam "SC Grafenau"]

1. Nf3 c5 2. c4 Nf6 3. g3 g6 4. b3 Bg7 5. Bb2 O-O 6. Bg2 Nc6 7. d3 e6 8. Nbd2
d5 9. a3 Re8 10. O-O b6 11. Ra2 Bb7 12. Qa1 d4 13. Qb1 Bh6 14. Bc1 a5 15. h3
Qc7 16. Kh2 Ne7 17. Nh4 Bxg2 18. Nxg2 Nf5 19. Nf3 Bxc1 20. Qxc1 e5 21. Nfh4
Nxh4 22. Nxh4 Kg7 23. Qg5 Qd7 24. f3 h6 25. Qd2 g5 26. Ng2 Nh5 27. e4 Kh7 28.
Qe1 Ng7 29. g4 Ne6 30. h4 Kg6 31. Rg1 Rh8 32. h5+ Kf6 33. Qd2 Ke7 34. Rga1 Ra6
35. a4 Kd6 36. Qf2 Qe7 37. Kh3 Qf6 38. Rf1 Rg8 39. Rd2 Raa8 40. Rdd1 Rg7 41.
Rg1 Rag8 42. Rd2 Rf8 43. Rdd1 Rgg8 44. Rd2 Ng7 45. Ne1 Qe6 46. Kh2 Qe8 47. Ng2
f6 48. Rh1 Rf7 49. Re2 Rgf8 50. Qe1 f5 51. exf5 Nxf5 52. gxf5 Rxf5 53. f4 gxf4
54. Re4 Rxh5+ 55. Kg1 f3 56. Nf4 Rg5+ 57. Kf2 Qf7 58. Rxh6+ Kd7 59. Qh1 exf4
60. Rh7 Rg7 61. Qh3+ Kd8 62. Qh4+ Kc8 63. Re7 Qxe7 64. Qh3+ Kd8 65. Rh8 Qe2#
0-1

[Event "Niederbayrische Einzelmeisterschaft"]
[Site "Niederbayern"]
[Date "2010.06.03"]
[Round "1.17"]
[White "Thanner, Daniel"]
[Black "Lenhard, Alexander"]
[Result "1-0"]
[WhiteElo "1722"]
[BlackElo "1240"]
[PlyCount "101"]
[EventDate "2010.06.??"]
[EventType "swiss"]
[EventRounds "7"]
[EventCountry "GER"]
[SourceDate "2015.11.02"]
[SourceVersionDate "2015.11.02"]
[WhiteTeam "SC Ortenburg 1894"]
[BlackTeam "ESK Plattling"]

1. e4 e5 2. Nf3 Nf6 3. Nc3 Be7 4. d4 d6 5. dxe5 dxe5 6. Qxd8+ Bxd8 7. Nxe5 O-O
8. Bd3 Nbd7 9. Nxd7 Bxd7 10. O-O h6 11. Nd5 Nxd5 12. exd5 Bf6 13. Bf4 c5 14. c3
b5 15. Rfe1 Rfe8 16. Kf1 c4 17. Bc2 Rad8 18. Rxe8+ Bxe8 19. Be4 Bd7 20. Re1 b4
21. Bc7 Rc8 22. Ba5 bxc3 23. Bxc3 Be7 24. Bh7+ Kf8 25. Bc2 Rc5 26. Bb4 Bd6 27.
Bxc5 Bxc5 28. a4 Bd4 29. Re4 Bf5 30. Rxd4 Bxc2 31. Ke1 Bb3 32. Kd2 Ke7 33. Kc3
Bxa4 34. Kxc4 Kd6 35. Rf4 Be8 36. Kd4 f6 37. Rf3 a5 38. Rb3 Kc7 39. Kc5 Bf7 40.
d6+ Kc8 41. Ra3 Be6 42. Rxa5 g5 43. Ra7 Kd8 44. Kc6 h5 45. Ra8+ Bc8 46. d7 Ke7
47. dxc8=Q f5 48. Qxf5 g4 49. Ra7+ Ke8 50. Qd7+ Kf8 51. Ra8# 1-0

[Event "Niederbayrische Einzelmeisterschaft"]
[Site "Niederbayern"]
[Date "2010.06.03"]
[Round "2.1"]
[White "Schindlbeck, Tobias"]
[Black "Heiduczek, Josef"]
[Result "0-1"]
[WhiteElo "1939"]
[BlackElo "2168"]
[PlyCount "58"]
[EventDate "2010.06.??"]
[EventType "swiss"]
[EventRounds "7"]
[EventCountry "GER"]
[SourceDate "2015.11.02"]
[SourceVersionDate "2015.11.02"]
[WhiteTeam "FC Ergolding 1932"]
[BlackTeam "SC Rottal"]

1. d4 f5 2. Nf3 Nf6 3. g3 g6 4. Bg2 Bg7 5. O-O O-O 6. c4 d6 7. Nc3 Nc6 8. Bf4
Nh5 9. d5 Ne5 10. Bxe5 dxe5 11. Qb3 e4 12. Nd2 e6 13. Rfd1 Qe7 14. Rac1 Kh8 15.
Nf1 Nf6 16. Rc2 h5 17. Rcd2 h4 18. Nb5 exd5 19. cxd5 Ne8 20. Rc2 Be5 21. Qe3
Kg7 22. f3 hxg3 23. hxg3 f4 24. gxf4 Rxf4 25. Re1 Qg5 26. Nd4 Nf6 27. Ne6+ Bxe6
28. dxe6 exf3 29. Rxc7+ Kh6 0-1

[Event "Niederbayrische Einzelmeisterschaft"]
[Site "Niederbayern"]
[Date "2010.06.03"]
[Round "2.2"]
[White "Wisnet, Dominic"]
[Black "Siebert, Joachim"]
[Result "1/2-1/2"]
[WhiteElo "2167"]
[BlackElo "1926"]
[PlyCount "90"]
[EventDate "2010.06.??"]
[EventType "swiss"]
[EventRounds "7"]
[EventCountry "GER"]
[SourceDate "2015.11.02"]
[SourceVersionDate "2015.11.02"]
[WhiteTeam "SC Rottal"]
[BlackTeam "SK Landshut"]

1. e4 e6 2. d4 d5 3. Nc3 Nf6 4. e5 Nfd7 5. Nce2 c5 6. c3 Nc6 7. f4 cxd4 8. cxd4
Bb4+ 9. Kf2 O-O 10. Nf3 f6 11. g3 Qb6 12. Kg2 g5 13. exf6 gxf4 14. Bxf4 Nxf6
15. Bh6 Ng4 16. Qc1 Rf5 17. h3 Nxh6 18. Qxh6 Qd8 19. g4 Qf8 20. Qe3 Rf6 21. Rc1
Bd7 22. Ne5 Be8 23. Ng3 Bd6 24. Be2 Bxe5 25. dxe5 d4 26. Qg5+ Rg6 27. Qh4 Nxe5
28. Rhf1 Qd6 29. Nh5 Bc6+ 30. Kg1 d3 31. Bd1 Qd4+ 32. Qf2 Qxf2+ 33. Rxf2 Rf8
34. Rc5 Nf3+ 35. Bxf3 Bxf3 36. Rc7 e5 37. Ng3 Rc6 38. Rd7 e4 39. Nf5 Rc1+ 40.
Kh2 Rc2 41. Kg3 Re8 42. Nh6+ Kh8 43. Nf7+ Kg8 44. Nh6+ Kh8 45. Nf7+ Kg8 1/2-1/2

[Event "Niederbayrische Einzelmeisterschaft"]
[Site "Niederbayern"]
[Date "2010.06.03"]
[Round "2.3"]
[White "Schubert, Josef"]
[Black "Holzer, Richard"]
[Result "0-1"]
[WhiteElo "1922"]
[BlackElo "2157"]
[PlyCount "118"]
[EventDate "2010.06.??"]
[EventType "swiss"]
[EventRounds "7"]
[EventCountry "GER"]
[SourceDate "2015.11.02"]
[SourceVersionDate "2015.11.02"]
[WhiteTeam "SK Landshut"]
[BlackTeam "SK Passau 1869"]

1. b4 e5 2. Bb2 Bxb4 3. Bxe5 Nf6 4. Nf3 Nc6 5. Bb2 O-O 6. e3 d5 7. Be2 Re8 8.
O-O Be6 9. d3 Qe7 10. c3 Bd6 11. Re1 Ne5 12. Nbd2 Rad8 13. Nxe5 Bxe5 14. Nf3
Bd6 15. a4 c6 16. Qc1 Bb8 17. a5 Qd6 18. g3 Bc8 19. Bf1 Ng4 20. Ra4 c5 21. c4
Qc6 22. Qd1 Bd7 23. Ra3 dxc4 24. dxc4 Be6 25. Qe2 Bxc4 26. Qxc4 Qxf3 27. Qe2
Ne5 28. Bxe5 Qxe2 29. Bxe2 Bxe5 30. Rb3 Bc7 31. Rxb7 Bxa5 32. Rc1 Bb6 33. Bc4
Rf8 34. e4 Rd4 35. Bd5 g5 36. h3 Kg7 37. Rc3 Kg6 38. Rf3 f5 39. g4 f4 40. Kg2
Rc8 41. Rc3 c4 42. Be6 Rc5 43. Bf5+ Kf6 44. Rxh7 Rd6 45. h4 gxh4 46. Rh6+ Ke5
47. Rxd6 Kxd6 48. g5 Bd8 49. g6 Bf6 50. Rc2 c3 51. f3 Rb5 52. Kh3 Rb2 53. Rc1
Kc5 54. Kg4 Rg2+ 55. Kh5 Kd4 56. Kh6 h3 57. Bxh3 Rh2 58. g7 Rxh3+ 59. Kg6 Bxg7
0-1

[Event "Niederbayrische Einzelmeisterschaft"]
[Site "Niederbayern"]
[Date "2010.06.03"]
[Round "2.4"]
[White "Mueller, Michael"]
[Black "Zankl, Thomas"]
[Result "1/2-1/2"]
[WhiteElo "2009"]
[BlackElo "1972"]
[PlyCount "75"]
[EventDate "2010.06.??"]
[EventType "swiss"]
[EventRounds "7"]
[EventCountry "GER"]
[SourceDate "2015.11.02"]
[SourceVersionDate "2015.11.02"]
[WhiteTeam "SC Bayerwald/Regen"]
[BlackTeam "SC Rottal"]

1. e4 c5 2. Nf3 Nc6 3. d3 g6 4. g3 Bg7 5. Bg2 e6 6. O-O Nge7 7. Nbd2 b5 8. Re1
Qc7 9. a4 b4 10. Nc4 Ba6 11. Bf4 e5 12. Bg5 Bxc4 13. dxc4 Nd4 14. Nd2 Nec6 15.
Nf1 Ne6 16. Bd2 Rb8 17. Ne3 Ne7 18. Nd5 Nxd5 19. cxd5 Nd4 20. Be3 O-O 21. c3
bxc3 22. bxc3 Nb3 23. Ra2 c4 24. Qe2 Rb7 25. Rd1 d6 26. Bf1 Na5 27. Rdd2 Rb3
28. Rdc2 Rfb8 29. Bc1 Qd7 30. Ba3 Rc8 31. Bb4 Qc7 32. Bh3 Rb8 33. Bxa5 Qxa5 34.
Qxc4 Rb1+ 35. Kg2 R8b7 36. Qe2 Rc7 37. c4 Bh6 38. Bg4 1/2-1/2